| 000 | 00430nam a2200205Ia 4500 | ||
|---|---|---|---|
| 003 | OSt | ||
| 005 | 20221005131954.0 | ||
| 006 | a|||||r|||| 00| 0 | ||
| 007 | ta | ||
| 008 | ORI | ||
| 024 | _a27575 | ||
| 037 | _cTextual | ||
| 040 |
_aCRL _cCRL _bORI |
||
| 041 |
_2ORI _aORI |
||
| 082 | _aO1591,3x, K6 | ||
| 245 | 0 | _aTara kanta | |
| 260 | _c1966 | ||
| 942 |
_hO1591,3x, K6 _cTEXL _2cc |
||
| 999 |
_c1062014 _d1062014 |
||